|
|
|
|
| LEADER |
00000nam a2200000 a 4500 |
| 001 |
vtls001177941 |
| 003 |
SK-MaSNL |
| 005 |
20260504150947.0 |
| 008 |
250414s1989 ru 0f rus |
| 015 |
|
|
|a SNBZSA1990
|
| 020 |
|
|
|a 5050023742
|
| 035 |
|
|
|a SNK000120942
|
| 040 |
|
|
|a SNK
|b slo
|c SNK
|e AACR2
|
| 041 |
1 |
|
|a rus
|h cze
|
| 044 |
|
|
|a ru
|c RU
|
| 080 |
|
|
|a 821.162.3-31
|2 2011
|
| 080 |
|
|
|a 821-311.6
|2 2011
|
| 080 |
|
|
|a 885.4-3=82
|2 1981
|
| 100 |
1 |
|
|a Hykisch, Anton,
|d 1932-2024
|4 aut
|9 99016
|
| 245 |
1 |
0 |
|a Vremia masterov
|b Roman
|c Anton Hykisch ; Per. N. Beľajeva, N. Šuľgina ; Predislov. O. Malevič ; Posleslov. Anton Hykisch, T. V. Ivaščenko
|
| 250 |
|
|
|a 1. izd.
|
| 260 |
|
|
|a Moskva
|b Raduga
|c 1989
|e Kalinin
|f Kalininskij poligrafičeskij kombinat
|
| 300 |
|
|
|a 544 s.
|c 20 cm
|
| 366 |
|
|
|e 50000 výtl.
|
| 500 |
|
|
|a Rozlož. tit. list. Náz. aj v slov. Pozn.
|
| 655 |
|
7 |
|a české romány
|2 SNKPH
|9 70600
|
| 655 |
|
7 |
|a historické romány
|2 SNKPH
|9 70253
|
| 700 |
1 |
|
|a Beľajeva, N.
|4 trl
|9 509276
|
| 700 |
1 |
|
|a Šuľgina, Nina Michajlovna,
|d 1925-2017
|4 trl
|9 171143
|
| 700 |
1 |
|
|a Malevič, O.
|4 auv
|9 509277
|
| 700 |
1 |
|
|a Hykisch, Anton,
|d 1932-2024
|4 auv
|9 99016
|
| 700 |
1 |
|
|a Ivaščenko, T. V.
|4 bkd
|9 509278
|
| 852 |
|
|
|a Slovenská národná knižnica
|
| 919 |
|
|
|a 5-05-002374-2
|
| 954 |
|
|
|a romány historické
|
| 958 |
|
|
|a LX
|
| 958 |
|
|
|a TL
|
| 958 |
|
|
|a UP
|
| 958 |
|
|
|a ZS
|
| 958 |
|
|
|a OND
|
| 999 |
|
|
|c 785525
|d 787455
|
| 952 |
|
|
|a SNK
|b SNK
|y PREZ
|7 0
|p 17A0929392
|o snkSC 76856
|0 0
|1 0
|4 0
|d 2012-08-11
|l 0
|r 2026-02-24 01:18:37
|w 2026-02-24
|
| 952 |
|
|
|t P60, <03>, [BOOK], {603}
|a SNK
|b SNK
|y PREZ
|7 0
|o snkSC 76856
|i snkV 740/90
|0 0
|1 0
|4 0
|d 1999-07-02
|l 0
|r 2005-01-01 00:00:00
|w 2026-02-24
|
| 952 |
|
|
|t P60, <04>, [BOOK], {604}
|a SNK
|b SNK
|y VYP
|7 0
|p 17A0887072
|o snkSC 76856 D1
|i snkV 1324/90
|0 0
|1 0
|4 0
|d 1999-07-02
|l 0
|r 2005-01-01 00:00:00
|w 2026-02-24
|
| 952 |
|
|
|t P60, <04>, [BOOK], {604}
|a SNK
|b SNK
|y VYP
|7 0
|o snkSC 76856 D2
|i snkV 1418/90
|0 0
|1 0
|4 0
|d 1999-07-02
|l 0
|r 2005-01-01 00:00:00
|w 2026-02-24
|